[Event "Portugal Open 2020"]
[Site "Lisbon"]
[Date "2020.01.27"]
[Round "4.33"]
[White "Baba, Masahiro"]
[Black "Figueiredo, Mario"]
[Result "1-0"]
[WhiteElo "2274"]
[BlackElo "1939"]
[Annotator "TA"]
[PlyCount "108"]
[EventDate "2020.01.25"]
[EventType "swiss"]
[EventCountry "POR"]
[SourceTitle "playchess.com"]
[Source "ChessBase"]
[SourceQuality "1"]

{[%evp 20,108,35,26,61,47,89,76,70,71,62,35,16,25,22,6,35,13,32,27,20,14,81,43,90,100,138,143,504,503,500,499,472,486,518,500,503,492,573,417,418,398,581,585,519,462,462,462,462,462,462,462,462,462,437,430,422,345,637,622,622,523,29966,29967,29967,29968,29971,29972,29972,29973,29973,29973,29976,29977,29977,29978,29978,29978,29981,29982,29982,29983,29983,29984,29985,29986,29986,29987,29988,29989,29988]} 1. e4 Nf6 2. e5 Nd5 3. d4 d6 4. Nf3 Bg4 5. Be2 e6 6. O-O Be7 7. c4 Nb6 8. exd6 cxd6 9. Nc3 O-O 10. h3 Bh5 11. b3 a5 {B05: Alekhine's Defence: 4 Nf3 Bg4} (11... Nc6 12. Be3 d5 13. c5 Nc8 14. b4 a6 15. a3 Bxf3 16. Bxf3 Bf6 17. g4 N8e7 18. Bg2 g6 19. f4 b6 20. Na4 bxc5 21. Nxc5 Nc8 {½-½ (54) Navara,D (2744)-Rapport,R (2731) Prague 2016}) 12. Be3 N8d7 13. Nd2 Bxe2 {White is better.} 14. Qxe2 Nf6 $146 ({Predecessor:} 14... Nb8 15. a3 Bf6 16. Nde4 Be7 17. Ng3 Qc8 18. d5 Nxd5 19. Nxd5 exd5 20. cxd5 {½-½ (62) Hendrickson,N (2178)-Enkhtuul,A (2247) Saint Louis 2013}) 15. Nde4 Nxe4 16. Nxe4 d5 17. Nc5 Ra7 18. a4 Qe8 19. Rfd1 Qc6 20. Nd3 Bf6 (20... Rc8 $11) 21. Ne5 Bxe5 22. dxe5 {[#] aiming for cxd5.} Raa8 23. Rac1 $36 {[%mdl 2048] Black is under strong pressure.} dxc4 $2 {[%mdl 8192]} (23... Qc7 $16 {is more resistant.} 24. cxd5 {[%mdl 64] Discovered Attack} Qxe5) 24. Rd6 $18 Qe4 25. Rxb6 cxb3 26. Qc4 Qxe5 27. Qxb3 h6 28. Rxb7 Rab8 29. Rxb8 Rxb8 30. Qc3 Qe4 (30... Qxc3 $142 31. Rxc3 Rb4) 31. Qxa5 Ra8 32. Qb5 Qxa4 33. Rc8+ Kh7 {[#] Hoping for ...Qd1+.} 34. Qb1+ f5 35. Rxa8 Qxa8 36. Bd4 Qd5 37. Qb2 Qd7 38. h4 h5 $2 (38... Qe7 39. g3 Qd7) 39. g3 Qf7 40. Qb8 Qd7 41. Qa7 {White mates.} Qxa7 42. Bxa7 {[%mdl 4096] Endgame KB-KP} e5 43. Bb8 e4 44. Kf1 Kg6 45. Be5 Kf7 46. Ke2 g6 47. Ke3 Ke6 48. Kf4 e3 49. fxe3 {KB-K3P} Kd5 50. Bd4 Ke6 51. Kg5 Kd5 52. Kxg6 Ke4 53. Kxh5 Kf3 54. Kg5 Ke4 {Accuracy: White = 69%, Black = 39%.} 1-0

[Event "Portugal Open 2020"]
[Site "Lisbon"]
[Date "2020.01.27"]
[Round "4.34"]
[White "Maloberti, David"]
[Black "Gahan M G"]
[Result "0-1"]
[WhiteElo "2017"]
[BlackElo "2245"]
[Annotator "TA"]
[PlyCount "74"]
[EventDate "2020.01.25"]
[EventType "swiss"]
[EventCountry "POR"]
[SourceTitle "playchess.com"]
[Source "ChessBase"]
[SourceQuality "1"]

{[%evp 19,74,45,62,0,-21,-16,-12,-64,-69,-93,-84,-85,-65,-77,-54,-91,-97,-100,-75,-76,0,-78,0,-81,0,0,0,-72,-53,-47,-57,-66,-36,-88,-16,-16,-11,-16,0,0,35,45,56,69,112,-121,-100,-384,-8,-8,-16,-651,-637,-991,-991,-29996,-29997]} 1. d4 Nf6 2. c4 e5 3. dxe5 Ng4 4. Bf4 g5 5. Bg3 Bg7 6. Nf3 Nc6 7. Nc3 Ngxe5 8. Nxe5 Nxe5 9. e3 d6 10. Be2 Be6 11. f4 {A52: Budapest Gambit} (11. h4 $14) (11. Rc1 h5 12. h3 h4 13. Bh2 Qd7 14. Ne4 Qc6 15. f3 g4 16. hxg4 Nxg4 17. Bf4 Bxb2 18. Rb1 Be5 19. Bxe5 dxe5 {0-1 (37) Rodshtein,M (2699)-Zwardon,V (2408) Katowice 2017}) 11... gxf4 $1 $11 12. Bxf4 $146 ({Predecessor:} 12. exf4 Nxc4 13. Qa4+ Qd7 14. Qxd7+ Kxd7 15. f5 Bxc3+ 16. bxc3 Bd5 17. O-O Rae8 18. Bh5 Ne3 {0-1 (32) Buxade Roca,G (2206)-Moskalenko,V (2569) Sitges 2008}) 12... Qd7 13. Bxe5 (13. Rc1 $11) 13... Bxe5 $15 14. Qd2 Rg8 15. g3 O-O-O 16. O-O-O Kb8 17. Kb1 c6 18. Rhf1 Qc7 19. Rf2 Qb6 ({Better is} 19... Rh8 $17) 20. Rff1 (20. Na4 $1 $11 {remains equal.} Qc7 21. Rdf1) 20... Qc7 21. Rf2 $1 Qb6 22. Na4 Qc7 23. Nc3 Qa5 24. Ne4 Qb6 25. Nf6 Rg6 26. Nh5 (26. Ne4 $1 $15) 26... Rd7 (26... d5 $17) 27. Nf4 $11 Rf6 $36 {[%mdl 2048] Black has some pressure.} 28. Rdf1 Bf5+ 29. Bd3 Bg4 30. Bxh7 d5 {[%mdl 64] Decoy} 31. cxd5 cxd5 {With the idea ...d4.} 32. Nxd5 $2 (32. Nd3 $1 $16 {[%cal Rd3e5] stays on course.} Rxf2 33. Qxf2 (33. Rxf2 Bc7 $14)) 32... Qb5 $1 $17 {[%csl LRd5,LRf1]} 33. Rxf6 $4 {[%mdl 8192]} (33. e4 $17 Qxf1+ 34. Rxf1 Rxf1+ 35. Kc2) 33... Bxf6 $2 ({Black should play} 33... Rxd5 $19 34. a4 Qxf1+ $1 {[%mdl 512]} 35. Rxf1 Rxd2 36. Rxf7 Rxh2) 34. Rxf6 $11 Rxd5 35. a4 $2 {[%mdl 8192] [#]} (35. Qc3 $11) 35... Qd7 $1 $19 36. Qb4 {aiming for Qf8+.} Rd1+ 37. Kc2 {[#]} Rc1+ $1 {[%mdl 512] Accuracy: White = 34%, Black = 51%.} 0-1

[Event "Portugal Open 2020"]
[Site "Lisbon"]
[Date "2020.01.27"]
[Round "4.35"]
[White "Corbalan Gomez, Juan Jose"]
[Black "Fernandes, Afonso Sampaio S P"]
[Result "1-0"]
[WhiteElo "2243"]
[BlackElo "1905"]
[Annotator "TA"]
[PlyCount "137"]
[EventDate "2020.01.25"]
[EventType "swiss"]
[EventCountry "POR"]
[SourceTitle "playchess.com"]
[Source "ChessBase"]
[SourceQuality "1"]

{[%evp 12,137,-16,-16,0,-9,5,5,15,5,11,15,31,39,51,50,53,47,57,47,43,47,52,50,50,53,46,55,79,64,81,67,85,58,102,102,100,109,89,49,62,61,64,37,43,44,66,54,62,52,69,71,77,77,77,50,43,21,77,77,118,77,77,0,0,0,77,51,77,0,77,70,128,77,77,0,123,15,77,0,126,-10,65,65,77,77,77,77,97,77,77,77,77,77,77,77,149,0,77,77,181,18,77,72,131,77,118,120,119,117,261,255,254,246,239,226,330,325,332,296,525,517,485,407,554,507,1283,1282]} 1. e4 c6 2. d4 d5 3. Nc3 dxe4 4. Nxe4 Nf6 5. Ng3 e5 6. Nf3 exd4 7. Qxd4 Qxd4 {B15: Caro-Kann: 3 Nc3: 3...g6 and 3...dxe4 4 Nxe4 Nf6 5 Nxf6+ exf6} 8. Nxd4 g6 9. Bc4 {With the idea 0-0.} Bg7 {The position is equal.} 10. O-O {Strongly threatening Re1+.} O-O 11. Re1 $146 ({Predecessor:} 11. c3 Nbd7 12. Bf4 Nb6 13. Bb3 Nfd5 14. Bd6 Re8 15. a4 {1-0 (40) Kerek,K (2370)-Hallossy,T (2150) Budapest 1998}) 11... Nd5 12. c3 Bxd4 13. cxd4 Be6 14. Bh6 Rd8 15. Bg5 Re8 16. Ne4 {Hoping for Bxd5.} Nd7 17. Nd6 {aiming for Bxd5.} Reb8 18. Rac1 Nc7 19. Bf4 Nd5 20. Bg3 N7f6 21. Ne4 Re8 22. Nc5 b6 23. Nxe6 Rxe6 24. Rxe6 fxe6 25. Be2 Ne7 26. Bd6 Nfd5 27. g3 Rd8 28. Be5 a5 29. h4 Kf7 30. h5 Rc8 31. Kg2 g5 32. Bd3 h6 33. a3 Nf6 34. f3 Nfd5 (34... Nd7 $1 $11) 35. Kf2 $16 b5 36. Ke2 a4 37. Bd6 Nf5 38. Be5 Nfe7 39. Kd2 Rd8 40. Ke2 Rc8 $1 41. Be4 Rd8 (41... Nb6 $14) 42. Rc2 (42. Bxd5 $142 $1 Rxd5 43. g4) 42... Rc8 43. Rc1 Rd8 $1 44. Rf1 (44. Bxd5 $16 Rxd5 45. g4) 44... Nf6 (44... Nf5 $11 {remains equal.}) 45. Bb1 (45. g4 $16) 45... Nf5 (45... Nd7 $11) 46. Rd1 (46. Bxf5 $16 exf5 47. Rc1) 46... Ne7 (46... Nd7 $11) 47. g4 $14 Nfd5 48. Rc1 Rc8 49. Kf2 Nb6 50. Bd3 Nbd5 51. Kg3 Rd8 52. Be4 Rc8 53. Kf2 Rd8 {[#]} (53... Nf6 $142) 54. Kg3 (54. Bxd5 $142 $1 Rxd5 55. Kg3) 54... Rc8 $1 $16 55. Rc2 $36 {[%mdl 2048] White is on the roll.} Rd8 {[#]} (55... Nf6 $16) 56. Bg6+ $2 (56. Bxd5 $1 $18 Rxd5 57. f4) 56... Kg8 (56... Nxg6 $11 {keeps the balance.} 57. hxg6+ Kxg6) 57. Rf2 Nf4 (57... Nxg6 $142 58. hxg6 Nf4) 58. Be4 ({White should play} 58. Bxf4 gxf4+ 59. Kxf4) 58... Ned5 59. Rc2 Rc8 60. Bxf4 gxf4+ {[%mdl 4096] Endgame KRB-KRN} (60... Nxf4 $16 61. Bxc6 Kf7) 61. Kh4 $18 Kf7 {Now ...Kf6 and Black clings on.} 62. g5 hxg5+ 63. Kxg5 Kg7 (63... Nf6 {is a better defense.} 64. Bd3 (64. Bxc6 Nd5 $16) 64... Ke7) 64. h6+ Kf7 65. Bg6+ Ke7 $2 (65... Kg8 66. Re2 Ne3 67. Kxf4 Nc4 68. Rxe6 Nxb2) 66. h7 Nf6 67. Kh6 Kd7 68. Be4 Kd6 {[#]} (68... Rb8 $142 69. Bxc6+ Kd6) 69. Rxc6+ $1 {[%mdl 576] Promotion. Accuracy: White = 48%, Black = 41%.} 1-0

[Event "Portugal Open 2020"]
[Site "Lisbon"]
[Date "2020.01.27"]
[Round "4.36"]
[White "Casagrande, Federico"]
[Black "Balbuena Fuentes, Mario"]
[Result "0-1"]
[WhiteElo "1999"]
[BlackElo "2234"]
[Annotator "TA"]
[PlyCount "114"]
[EventDate "2020.01.25"]
[EventType "swiss"]
[EventCountry "POR"]
[SourceTitle "playchess.com"]
[Source "ChessBase"]
[SourceQuality "1"]

{[%evp 9,114,0,0,13,24,0,0,0,0,0,4,-65,-65,-65,-66,-58,-55,-69,-40,-63,-59,-63,-67,-64,-62,-85,-81,-95,-85,-108,-100,-119,-122,-114,-110,-159,-153,-147,-148,-141,-145,-145,-123,-171,-105,-193,-175,-174,-154,-141,-94,-97,-96,-97,-97,-97,-95,-90,-94,-100,-89,-112,-107,-143,-122,-121,-89,-101,-80,-168,-149,-106,-39,-206,-206,-206,-203,-197,-193,-175,-7,-8,-7,-8,-7,-7,0,0,0,0,0,0,0,-13,0,0,0,0,0,-13,-13,-44,-44,-44,-44,-44,-8]} 1. d4 e6 2. c4 b6 3. Nf3 Bb7 4. g3 Bb4+ (4... Nf6 5. Bg2 Be7 6. O-O O-O 7. Nc3 Ne4 8. Nxe4 Bxe4 9. Ne1 Bxg2 10. Nxg2 d5 11. Qa4 Qd7 12. Qxd7 Nxd7 13. cxd5 exd5 14. Nf4 Nf6 15. Nd3 c5 16. dxc5 bxc5 17. Bg5 c4 18. Nf4 h6 19. Bxf6 Bxf6 20. Rac1 Rfd8 21. Rfd1 Bxb2 22. Rc2 c3 23. Nxd5 Rac8 24. e4 Kf8 25. Rd3 Rc4 26. Re3 Rdc8 27. Kf1 Ra4 28. Nxc3 Bxc3 29. Rexc3 {½-½ (29) Mamedyarov,S (2764)-Ding,L (2805) Saint Louis 2019}) 5. Nbd2 Bxf3 6. exf3 {A40: Unusual replies to 1 d4} Qf6 7. a3 Bxd2+ $1 8. Bxd2 {The position is equal.} Qxd4 9. Qc2 Qe5+ 10. Qe4 $146 (10. Be2 $11) ({Predecessor:} 10. Be3 c5 11. f4 Qc7 12. Bg2 {0-1 (34) Lubczynski,R (2413)-Macieja,B (2617) Lublin 2008}) 10... Qxe4+ $15 11. fxe4 e5 12. Bc3 d6 13. f4 f6 14. O-O-O Nd7 15. b4 Ke7 16. Bh3 Rd8 17. Rd5 Nh6 18. Rhd1 Nf7 19. Kc2 h5 20. Kb3 h4 {[#] Threatens to win with ...hxg3.} 21. Bxd7 Rxd7 22. a4 hxg3 23. hxg3 Rh3 24. R5d3 Rd8 25. a5 Rdh8 26. Ka4 R8h5 ({Black should play} 26... exf4 $19 27. gxf4 Rxd3 28. Rxd3 Rh4) 27. Be1 (27. c5 $17) 27... exf4 $19 28. gxf4 Rxd3 29. Rxd3 {[%mdl 4096] Endgame KRB-KRN} Nd8 30. Rg3 Kf7 31. f5 Rh2 32. axb6 axb6 33. Bc3 Re2 34. Rg4 Re3 35. Ba1 Nc6 36. Kb5 Na7+ 37. Ka4 Re2 {...Ra2+ is the strong threat.} 38. Bc3 c5 39. b5 (39. Kb3 $17 {was worth a try.}) 39... Nc8 40. Kb3 Ne7 ({Black should try} 40... Re3 $17 41. Rf4 Rh3) 41. Bb2 $2 (41. Rh4 $1 $15) 41... g5 42. fxg6+ Nxg6 43. Ba1 Rf2 44. Bc3 Ne5 $2 (44... Nf4 $19 {White must now prevent ...Ne6.} 45. Rh4 Ke6) 45. Bxe5 $1 $11 dxe5 {KR-KR} 46. Rh4 $1 Rf3+ 47. Kc2 Rf4 48. Rh7+ {[#]} Kg6 $1 49. Rb7 Rxe4 50. Kc3 Re3+ 51. Kd2 Rh3 {Hoping for ...e4.} 52. Rxb6 Kf5 53. Rc6 Ke4 54. Rxf6 Kd4 55. Rd6+ Kxc4 {Black is slightly better.} 56. b6 $1 Rb3 57. Ke2 Rb4 {[%mdl 32768] Accuracy: White = 36%, Black = 64%. . Loss on time!?} (57... Rb5 $5 {[%cal Rc4c3]}) 0-1

[Event "Portugal Open 2020"]
[Site "Lisbon"]
[Date "2020.01.27"]
[Round "4.36"]
[White "Casagrande, Federico"]
[Black "Balbuena Fuentes, Mario"]
[Result "*"]
[WhiteElo "1999"]
[BlackElo "2234"]
[Annotator "RC"]
[PlyCount "59"]
[EventDate "2020.01.25"]
[EventType "swiss"]
[EventCountry "POR"]
[SourceTitle "playchess.com"]
[Source "ChessBase"]
[SourceQuality "1"]
[TimeControl "5400+30"]

1. d4 Nf6 2. Nc3 d5 3. Bf4 a6 4. e3 e6 5. Bd3 c5 6. dxc5 Bxc5 7. Nf3 O-O 8. a3 b5 9. O-O Bb7 10. Qe2 Nbd7 11. Nb1 Re8 12. Ne5 Nxe5 13. Bxe5 Nd7 14. Bc3 e5 15. Bf5 g6 16. Bh3 Nf6 17. Nd2 d4 18. Bb4 Bb6 19. Nb3 Ne4 20. Bg4 a5 21. Be1 dxe3 22. fxe3 Qg5 23. Bd7 Bxe3+ 24. Kh1 Red8 25. Bxb5 a4 26. Na5 Rd2 27. Nxb7 Rxe2 28. Bxe2 Rb8 29. Bf3 Qf5 30. Bxe4 *

[Event "Portugal Open 2020"]
[Site "Lisbon"]
[Date "2020.01.27"]
[Round "4.37"]
[White "Kurylski, Leonardo Tavares"]
[Black "Rodriguez Lopez, Rafael"]
[Result "0-1"]
[WhiteElo "1980"]
[BlackElo "2212"]
[Annotator "TA"]
[PlyCount "59"]
[EventDate "2020.01.25"]
[EventType "swiss"]
[EventCountry "POR"]
[SourceTitle "playchess.com"]
[Source "ChessBase"]
[SourceQuality "1"]

{[%evp 9,59,-19,-12,-28,-21,-26,0,-30,0,-18,-22,-29,-5,-75,-58,-66,-73,-63,-70,-94,-96,-143,-104,-193,-158,-202,-203,-200,-210,-248,-198,-274,-294,-275,-247,-200,-188,-424,-255,-267,-223,-272,-256,-590,-316,-335,-323,-322,-286,-487,-485,-29999]} 1. d4 Nf6 2. Nc3 d5 3. Bf4 a6 4. e3 e6 5. Bd3 c5 6. dxc5 {D00: 1 d4 d5: Unusual lines} Bxc5 7. Nf3 O-O 8. a3 {The position is equal.} b5 9. O-O Bb7 10. Qe2 Nbd7 11. Nb1 $146 (11. e4 $1 $11 {remains equal.}) ({Predecessor:} 11. e4 dxe4 12. Nxe4 Nxe4 13. Bxe4 Bxe4 14. Qxe4 {1-0 (36) Cabarkapa,N (2434)-Vuckovic,B (2581) Subotica 2019}) 11... Re8 12. Ne5 Nxe5 13. Bxe5 Nd7 $36 {[%mdl 2048] Black is more active.} 14. Bc3 e5 {White must now prevent ...d4.} 15. Bf5 g6 16. Bh3 (16. Bxd7 $17 {keeps fighting.} Qxd7 17. Ba5) 16... Nf6 17. Nd2 d4 18. Bb4 Bb6 {Hoping for ...a5.} 19. Nb3 Ne4 20. Bg4 (20. f3 {was necessary.} Ng5 21. Bc5) 20... a5 $19 {[%cal Ba6a5,Ba5a4][%mdl 32]} 21. Be1 dxe3 22. fxe3 Qg5 {And now ...a4 would win.} 23. Bd7 $2 (23. Kh1) 23... Bxe3+ 24. Kh1 Red8 25. Bxb5 {[#]} a4 $1 {[%cal Ra4b3]} 26. Na5 $2 (26. Rf3 {is a better chance.} axb3 27. h4 Ng3+ 28. Bxg3 Bxf3 29. Qxf3) 26... Rd2 27. Nxb7 {Strongly threatening Qf3.} (27. Bxd2 $2 {[#] gets mated.} Ng3+ $1 {[%mdl 512]} 28. hxg3 Qh6+ 29. Qh5 Qxh5#) 27... Rxe2 28. Bxe2 Rb8 29. Bf3 $2 (29. Bd3 Nf2+ 30. Bxf2 Rxb7 31. Be1) 29... Qf4 (29... Rxb7 $2 30. Bxe4 Rxb2 31. Bd5 $19) 30. Bxe4 {Accuracy: White = 17%, Black = 51%.} (30. Na5 $19 Rxb2 31. Nc6) 0-1

[Event "Portugal Open 2020"]
[Site "Lisbon"]
[Date "2020.01.27"]
[Round "4.38"]
[White "Santos, Jose Guilherme B Lim"]
[Black "Atakay, Mustafa"]
[Result "0-1"]
[WhiteElo "2211"]
[BlackElo "1886"]
[Annotator "TA"]
[PlyCount "48"]
[EventDate "2020.01.25"]
[EventType "swiss"]
[EventCountry "POR"]
[SourceTitle "playchess.com"]
[Source "ChessBase"]
[SourceQuality "1"]

{[%evp 11,48,7,0,-13,14,12,23,12,33,-31,-10,-11,24,0,-18,-30,-20,-55,-11,-20,0,-96,-16,-124,-130,-205,-60,-75,-54,-288,-172,-174,-113,-720,-660,-1211,-1237,-29993,-29994]} 1. c4 f5 2. Nc3 Nf6 3. g3 e5 4. Bg2 g6 5. d3 Bg7 6. Nf3 d6 7. e3 {A21: English Opening: 1...e5 2 Nc3} (7. O-O Nc6 8. Rb1 a5 9. a3 O-O 10. b4 axb4 11. axb4 h6 12. b5 Ne7 13. Qb3 Be6 14. Nd2 c6 15. Ba3 Rf7 16. bxc6 bxc6 17. Qb4 d5 18. Qd6 Qxd6 19. Bxd6 e4 20. cxd5 Nfxd5 21. Nxd5 Nxd5 22. dxe4 {½-½ (47) Nakamura,H (2793)-Svidler,P (2747) Zuerich 2017}) 7... Na6 8. O-O O-O 9. Rb1 {White has an edge.} Nh5 $146 ({Predecessor:} 9... Ng4 10. b4 e4 11. Nd4 exd3 12. Qxd3 Kh8 13. Rd1 f4 14. exf4 c5 15. bxc5 dxc5 16. Nde2 {½-½ (16) Fehlings,G (1714)-Hollnack,O (1958) Germany 2015}) 10. d4 (10. b4 $14) 10... c6 11. b4 Nc7 (11... e4 $5 {[%cal Re4f3]} 12. Nd2 Nc7 $11) 12. c5 {Threatening cxd6.} e4 13. Nd2 d5 14. b5 Qe8 {[%cal Rc7b5]} 15. a4 g5 16. Nb3 (16. f3 $11 {keeps the balance.}) 16... Ne6 ({Black should try} 16... f4 $17 {...f3 is the strong threat.} 17. Re1 Qf7) 17. Re1 {[#]} (17. f3 $11) 17... f4 $1 $17 18. Na5 (18. exf4 $17 gxf4 19. g4) 18... Nd8 ({Resist} 18... fxg3 19. hxg3 g4 20. Rb2 $17) (18... f3 $19 19. Bf1 Qd8) 19. bxc6 $15 bxc6 20. Bf1 $2 (20. exf4 $15 gxf4 21. Nxe4 dxe4 22. Bxe4) 20... Qf7 ({Less strong is} 20... fxg3 21. fxg3 Qf7 22. Rb2 $15) (20... f3 $142 21. Na2 Nf6) 21. Rb2 $19 {[#]} f3 (21... Be6 $1 $19 22. exf4 gxf4) 22. h3 $2 {[%mdl 8192]} (22. Nc4 $17) 22... Nf6 23. Bd2 Qh5 24. Kh2 {[#]} Bxh3 $1 {[%mdl 576] Remove Defender. Accuracy: White = 22%, Black = 28%.} 0-1

[Event "Portugal Open 2020"]
[Site "Lisbon"]
[Date "2020.01.27"]
[Round "4.39"]
[White "Poysti, Nathanael"]
[Black "Garcia Ortega, Manuel"]
[Result "1-0"]
[WhiteElo "2203"]
[BlackElo "1705"]
[Annotator "TA"]
[PlyCount "58"]
[EventDate "2020.01.25"]
[EventType "swiss"]
[EventCountry "POR"]
[SourceTitle "playchess.com"]
[Source "ChessBase"]
[SourceQuality "1"]

{[%evp 9,58,6,30,12,18,20,22,12,17,15,44,11,44,18,30,12,102,108,93,0,140,145,207,163,268,255,249,261,490,258,649,620,738,737,1229,1233,1633,1630,1533,1468,29982,1645,7439,29979,29991,2984,12837,12834,29982,1862,29999]} 1. c4 c5 2. Nc3 Nc6 3. g3 g6 4. Bg2 Bg7 5. e3 Nf6 (5... e6 6. b3 Nge7 7. Ba3 d6 8. Nge2 b6 9. d4 Bb7 10. O-O O-O 11. Qd2 Qb8 12. Rad1 Rd8 13. d5 exd5 14. cxd5 Na5 15. Bb2 Qc7 16. Ne4 Nf5 17. Bxg7 Nxg7 18. Nf6+ Kh8 19. e4 Ba6 20. Qh6 {1-0 (20) Kramnik,V (2753)-Iturrizaga Bonelli,E (2597) Moscow 2019}) 6. d3 {A36: Symmetrical English vs ...g6: 4 Bg2 Bg7} a6 7. Nge2 Rb8 8. b3 $146 {The position is equal.} ({Predecessor:} 8. O-O b5 9. b3 O-O 10. Bb2 Na5 11. Qd2 Bb7 12. e4 Qb6 13. Rab1 d6 {1-0 (35) Casanova,F (2052)-Pereira,S (1948) Amadora 2010}) 8... d6 9. Bb2 Bd7 10. h3 h5 11. Qd2 b5 12. Rd1 b4 (12... O-O $11) 13. Nd5 $16 e5 14. O-O (14. Nxf6+ $16 Qxf6 15. d4 exd4 16. exd4) 14... h4 (14... Nxd5 $1 $11 {remains equal.} 15. cxd5 Ne7) 15. Nxf6+ Bxf6 (15... Qxf6 $16 16. d4 Rd8) 16. g4 a5 (16... O-O $142 17. d4 exd4) 17. d4 $18 exd4 18. exd4 cxd4 $2 (18... Nxd4 {might work better.} 19. Nxd4 cxd4 20. Bxd4 Bxd4) 19. Nxd4 (19. Bxc6 $142 Bxc6 20. Nxd4 Bxd4 21. Qxd4) 19... Ne5 $2 (19... Nxd4 20. Bxd4 Bxd4) 20. f4 Nxg4 21. hxg4 Bxg4 22. Rde1+ Kf8 23. Nc6 {[%mdl 64] Double Attack} Qb6+ {[#]} 24. Kh1 $1 h3 25. Bd5 (25. Qxd6+ $142 Kg7 26. Qxf6+ Kh6 27. Bf3 Ra8 28. Bxg4 Qxc6+ 29. Qxc6 Rhd8 30. Qf6 $1 {[%mdl 512]} Rd4 31. Bxd4 Kh7 32. Qg7#) 25... Bxb2 26. Qxb2 {[%cal Rb2h8]} Rh5 {[#]} 27. Nxb8 (27. Qf6 $142 $1 Qb7 28. Nxb8 Qc7 29. Nc6 Qd7 30. Re7 $1 {[%mdl 512]} Bf3+ 31. Rxf3 Qxe7 {[%mdl 64] Remove Defender} 32. Nxe7 Rh7 33. Nxg6+ Kg8 34. Bxf7+ $1 {[%mdl 576] Deflection, Back Rank} Rxf7 35. Qh8#) 27... Qxb8 {[#]} 28. Qf6 $1 {[%csl Gd5][%cal Rf6f7]} Qa7 29. Bxf7 (29. Rg1 $142 Qd7 {[#]} 30. Rxg4 $1 {[%mdl 512]} Rh6 31. Rg5 a4 32. f5 Qe8 33. Rxe8+ Kxe8 34. Bc6+ Kf8 35. fxg6 Rxg6 36. Rxg6 axb3 37. Qxd6#) 29... d5 {Accuracy: White = 37%, Black = 14%.} 1-0

[Event "Portugal Open 2020"]
[Site "Lisbon"]
[Date "2020.01.27"]
[Round "4.40"]
[White "Ruiz Vinals, Matias"]
[Black "Jaracz, Barbara"]
[Result "0-1"]
[WhiteElo "1964"]
[BlackElo "2200"]
[Annotator "TA"]
[PlyCount "46"]
[EventDate "2020.01.25"]
[EventType "swiss"]
[EventCountry "POR"]
[SourceTitle "playchess.com"]
[Source "ChessBase"]
[SourceQuality "1"]

{[%evp 17,46,9,12,9,8,10,8,-28,-15,-63,-58,-62,-31,-77,-75,-85,-13,-35,-35,-53,-27,-46,-54,-204,-192,-201,-193,-252,-187,-399,-411]} 1. Nf3 d5 2. c4 c6 3. cxd5 cxd5 4. d4 Nf6 5. Nc3 Nc6 6. Bf4 a6 7. e3 Bg4 8. Be2 e6 9. O-O Bd6 10. Ne5 {D13: Slav Defence: Exchange variation without ...Bf5} (10. Bxd6 Qxd6 11. Ne1 Bxe2 12. Qxe2 O-O 13. Nd3 Nd7 14. Rac1 Rfc8 15. Rc2 Rc7 16. Rfc1 Rac8 17. Qd1 b6 18. Ne2 Na5 19. Rxc7 Rxc7 {½-½ (41) Kamsky,G (2676)-Dreev,A (2652) Bastia 2017}) 10... Bxe2 11. Nxe2 Bxe5 12. dxe5 $146 {The position is equal.} ({Predecessor:} 12. Bxe5 Nxe5 13. dxe5 Nd7 14. f4 Qb6 15. Qd4 Qxd4 16. exd4 Ke7 17. Rac1 Rac8 18. Kf2 f5 {½-½ (18) Zagrebelny,S (2480)-Kasimdzhanov,R (2570) Teheran 1998}) 12... Nd7 13. Qa4 O-O 14. e4 Ndxe5 15. Rfd1 Nc4 16. Qb3 {[#]} b5 (16... Qf6 $1 $17 17. exd5 exd5 18. Rxd5 Qxb2 19. Qxb2 Nxb2) 17. a4 bxa4 18. Rxa4 Qb6 $36 {[%mdl 2048] Black has some pressure.} 19. Qxb6 Nxb6 20. Ra2 (20. Raa1 $15) 20... dxe4 $19 21. Nc3 Nb4 22. Ra5 (22. Raa1 $142 N4d5 23. Be5) 22... N4d5 23. Be5 $2 {[#]} (23. Nxd5 Nxd5 24. Be3) 23... Nc4 $1 {[%csl LRa5,LRb2,LRe5][%mdl 64] Double Attack. Accuracy: White = 20%, Black = 50%.} 0-1